000 01350nam a2200361 i 4500
001 bg
100 1 _aPawlikowski, Jan
_c(budownictwo).
245 1 0 _aOddziaływania stałe i zmienne na konstrukcje budynków =
_bPermanent and variable actions on buildings structures /
_cJan Pawlikowski.
246 3 1 _aPermanent and variable actions on buildings structures
250 _aWyd. 2 popr. i uzup.
260 _aWarszawa :
_bWydawnictwa Instytutu Techniki Budowlanej,
_c2007.
300 _a179 s. :
_bil. ;
_c24 cm.
490 1 _aPrace Naukowe Instytutu Techniki Budowlanej. Studia =
_aScientific Papers of the Building Research Institute. Studies
500 _aNr serii gł.: 450.
504 _aBibliogr. s. 157-161.
546 _aStreszcz. ang.
650 9 _aKonstrukcje budowlane
_xbadanie
650 9 _aNaprężenia i odkształcenia
_xbadanie
650 9 _aWytrzymałość materiałów
_xbadanie
830 0 _aPrace Naukowe Instytutu Techniki Budowlanej.
_pStudia
830 0 _aPrace Naukowe Instytutu Techniki Budowlanej
_v450
015 _aPB 20826/2007
020 _a9788324908677
040 _cBPK
041 0 _apol
_beng
044 _aPOL
080 _a624.04:620.17:539.3/.4
920 _a978-83-249-0867-7
920 _a978-83-249-0867-7
942 _cKS
008 070921s2007 pl a |000 0 pol
999 _c54209
_d54209
856 _uhttp://koha.tu.koszalin.pl/cgi-bin/koha/opac-detail.pl?biblionumber=54209
_yKatalog online BPK